000 00520nam a2200181Ia 4500
008 240729s9999 xx 000 0 und d
022 _a2055-3390
245 4 _aThe Journal of Haemophilia Practice
260 _aPoland
260 _bSciendo
650 _a Diseases of the blood and blood-forming organs
650 _a Internal medicine
650 _a Specialties of internal medicine
650 _aMedicine
856 _uhttps://doaj.org/toc/3a2260cbc4f344318f1977a0e737173e
942 _2ddc
942 _cDOAJEJ
999 _c73228
_d73228
945 _a1
_bMadushi Gamage
_c1
_dMadushi Gamage